000 01376nam0a2200349 4500
001 RU\NLR\b_ik\93525
005 20250616224825.0
010 _a3-499-33069-5
035 _a(NLR Aleph) 002167546
090 _a2609676
_c2609676
100 _a20021220d1986 |||y0rusy50 ca
101 0 _ager
102 _aRU
105 _ay |||||||||
200 1 _aMoskaus Übermacht
_eEine amer. Legende
_fTom Gervasi
_g[Aus dem Amerikanischen übers. von Volker Englich]
210 _aReinbeck bei Hamburg
_cRowohlt
_aHamburg
_cSpiegel-Verl.
_d1986
215 _a189 с.
_d19
225 1 _aSpiegel-Buch
320 _aБиблиогр.: с. 188-189
541 0 _aСверхвласть Москвы: Американская легенда [О военном противостоянии СССР - США 70-х - 80-х гг.]
_zrus
607 _aСоединенные Штаты Америки
_xВоенная политика
_xИстория
_92271992
_3RU\NLR\AUTH\661361699
607 _aСССР
_xВоенная политика
_xИстория
_92271988
_3RU\NLR\AUTH\661361697
686 1 _aЦ8(2)1-1
686 1 _aЦ8(7США)1-1
686 1 _aТ3(2)73-64(7США)
686 1 _aТ3(7США)63-64(2)
700 1 _aGervasi
_bT.
_gTom
_4070
801 0 _aRU
_bNLR
_c20021220
_gPSBO
942 _cBOOK
980 _aNB